Black country, New road - Athens, France lyrics - Statistics

General Stats
  • This quiz has been taken 16 times
  • The average score is 134 of 233
Answer Stats
Answer % Correct
a
100%
an
100%
be?
100%
bed
100%
childhood
100%
down
100%
France
100%
I
100%
in
100%
In
100%
She
100%
she
100%
the
100%
to
100%
and
91%
And
91%
come
91%
flies
91%
her
91%
it
91%
never
91%
Paris
91%
said
91%
that
91%
became
82%
for
82%
guess
82%
had
82%
it's
82%
thread
82%
all
73%
am
73%
bread
73%
daily
73%
Now
73%
now
73%
on
73%
wish
73%
words
73%
accent
64%
before
64%
change
64%
day
64%
don't
64%
English
64%
found
64%
I'll
64%
late
64%
like
64%
me
64%
one
64%
out
64%
sing
64%
too
64%
vultures
64%
we
64%
what
64%
Why
64%
with
64%
you
64%
cursed
55%
died
55%
feed
55%
forum
55%
girl
55%
go
55%
hard
55%
has
55%
richest
55%
room
55%
seeded
55%
so
55%
write
55%
every
45%
how
45%
'round
45%
spread
45%
They
45%
town
45%
Well
45%
American
36%
ask
36%
boom
36%
but
36%
fairground
36%
fetish
36%
fits
36%
glow
36%
my
36%
really
36%
rural
36%
sells
36%
UE
36%
up
36%
very
36%
working
36%
young
36%
could
27%
cyber
27%
early
27%
enlightened
27%
from
27%
give
27%
hardcore
27%
mainline
27%
of
27%
Oh
27%
PR
27%
printing
27%
recently
27%
she's
27%
size
27%
team
27%
2018
18%
between
18%
black
18%
check
18%
country
18%
great
18%
ground
18%
have
18%
just
18%
lost
18%
make
18%
matcha
18%
pay
18%
phone
18%
reason
18%
shots
18%
some
18%
sound
18%
think
18%
wide
18%
costs
9%
gulf
9%
intentions
9%
keep
9%
met
9%
new
9%
noughties
9%
performed
9%
soft
9%
still
9%
theme
9%
there
9%
touch
9%
us
9%
won't
9%
beneath
0%
built
0%
clean
0%
faliure
0%
fazes
0%
learned
0%
little
0%
road
0%
somewhere
0%
waiting
0%
waters
0%
zine
0%
No matching quizzes found
Score Distribution
Percent of People with Each Score
Percentile by Number Answered
Your Score History
You have not taken this quiz